| 000 | 00516nmm a2200169Ia 4500 | ||
|---|---|---|---|
| 008 | 251105s9999||||xx |||||||||||||||||und|| | ||
| 020 | _a9788477336341 | ||
| 041 | _aspa | ||
| 100 | _aAguaviva Bascuñana, Jesús Javier | ||
| 245 | 0 | _aSoporte vital avanzado politraumático | |
| 264 |
_a[Madrid, España] : _bPrensas Universitarias de Zaragoza, _c2003 |
||
| 300 | _a272 páginas | ||
| 490 | _aCiencias biomédicas | ||
| 650 | _aMedicine | ||
| 856 | _uhttps://public.digitaliapublishing.com/a/3774 | ||
| 942 | _cCF | ||
| 999 |
_c85305 _d85305 |
||